000 00374nam a2200157Ia 4500
005 20250423101604.0
008 250422s9999 xx 000 0 und d
020 _a978- 0- 7432- 6490- 7
050 _aPS355.L287
100 _aMarry Higgins Clark
245 0 _aTwo little girls in blue
260 _bSimon & Schuster
260 _c2006
300 _a322 p
942 _cBK
999 _c36698
_d36698